000 00552cam a22002171 4500
001 sa 63004321
003 DLC
005 20260227111948.0
008 881102s1962 xx 000 0 hino
010 _asa 63004321
035 _a(OCoLC)23562074
040 _aDLC
_cMiU
_dDLC
042 _apremarc
050 0 0 _aPK2098.P7
_bK3256
100 1 _aPāṇḍeya, Bhuvana Canda.
245 1 0 _aKāmāyanī ke panne.
260 _c[1962]
300 _a207 p.
_c20 cm.
500 _aRomanized.
600 1 0 _aPrasad, Jai Shankar,
_d1889-1937.
_tKāmāynī.
999 _c55584
_d55584